Introduction to the practice of statistics / (Record no. 6962)

MARC details
000 -LEADER
fixed length control field 01442cam a2200277 a 4500
020 ## - INTERNATIONAL STANDARD BOOK NUMBER
ISBN 9781429216234 (extended version, casebound)
020 ## - INTERNATIONAL STANDARD BOOK NUMBER
ISBN 1429216239 (extended version, casebound)
020 ## - INTERNATIONAL STANDARD BOOK NUMBER
ISBN 9781429216227 (casebound)
020 ## - INTERNATIONAL STANDARD BOOK NUMBER
ISBN 1429216220 (casebound)
020 ## - INTERNATIONAL STANDARD BOOK NUMBER
ISBN 9781429216210 (pbk.)
020 ## - INTERNATIONAL STANDARD BOOK NUMBER
ISBN 1429216212 (pbk.)
020 ## - INTERNATIONAL STANDARD BOOK NUMBER
ISBN 9781429216128 (CDROM)
020 ## - INTERNATIONAL STANDARD BOOK NUMBER
ISBN 1429216123 (CDROM)
050 00 - CALL NUMBER
Classification number QA276.12
Item number .M65 2009
100 1# - AUTHOR
Personal name Moore, David S.
245 10 - TITLE
Title Introduction to the practice of statistics /
Statement of responsibility, etc David S. Moore, George P. McCabe, Bruce A. Craig.
250 ## - EDITION
Edition statement 6th ed.
260 ## - PUBLICATION INFORMATION
Place of publication New York :
Name of publisher W.H. Freeman,
Year of publication c2009.
300 ## - DESCRIPTION
Number of Pages 1 v. (various pagings) :
Other physical details col. ill. ;
Dimensions 27 cm. +
Accompanying material 1 CD-ROM (4 3/4 in.)
500 ## - NOTES
General note Includes index
505 ## - FORMATTED CONTENTS NOTE
Table of Content Looking at data--distributions --<br/>Looking at data--relationships --<br/>Producing data --<br/>Probability: the study of randomness --<br/>Sampling distributions --<br/>Introduction to inference --<br/>Inference for means --<br/>Inference for proportions --<br/>Inference for categorical data --<br/>Inference for regression --<br/>Multiple regression --<br/>One-way analysis of variance --<br/>Two-way analysis of variance --<br/>Logistic regression --<br/>Nonparametric tests --<br/>Bootstrap methods and permutation tests --<br/>Statistics for quality: control and capability.
650 #0 - SUBJECTS
Topical Term Mathematical statistics
700 1# - OTHER AUTHORS
Personal name McCabe, George P.
700 1# - OTHER AUTHORS
Personal name Craig, Bruce A.
942 ## - ADDED ENTRY ELEMENTS (KOHA)
Koha item type Books
Holdings
Withdrawn status Lost status Collection code Home library Current library Shelving location Date acquired Full call number Accession Number Koha item type
    Reference Methodist University Library Main Methodist University Library Main General Stacks 04/02/2013 QA276.12 .M65 2009 36857 Books
Copyright © 2026  MUG Library